| 000 | 00552nam a2200193Ia 4500 | ||
|---|---|---|---|
| 005 | 20250326140341.0 | ||
| 008 | 250326s9999 xx 000 0 und d | ||
| 020 | _a1-84064-045-6 | ||
| 037 | _aTextbook | ||
| 040 |
_aFMSL _beng _cFMSL |
||
| 041 |
_aeng _2eng |
||
| 084 |
_aX.4 P2 _qFMSL |
||
| 100 | _aMaddison Angus | ||
| 245 | 0 |
_aAsian economics in the 20th century _cMaddison Angus And Others |
|
| 260 |
_aUnited Kingdom _bUnited Kingdom, Edward Elgar _c2002 |
||
| 300 | _axi,250 | ||
| 942 |
_cTB _hX.4 P2 |
||
| 999 |
_c1285374 _d1285374 |
||